=LDR 00000nam 2200000 4500 =001 INLIS000000000042208 =005 20131008015008 =008 ***********************************ind** =035 ##$$0010-101300000000130 =041 ##$$a ind =082 ##$$a FRom.D =090 ##$$a F.Rom.D, Din s =100 ##$$a Dini, Nh =245 ##$$a segi dan garis =260 ##$$a 1983 $b JakartabPustaka jaya =300 ##$$a 192 hkm, 18 cm =650 ##$$a Fiksi dewasa =850 ##$$a NBPNMAT =990 ##$$a 0001/BPAP-NTB/2016